00549nam a2200193 a 4500001001300000003000900013005001700022008004100039020001000080082001400090100002100104245005500125260004400180300000900224500003500233505004700268650001900315700002100334nice12345678IN_TiNIC20260116012418.0050524s1983 boma grp 000 0 eng  ac10000a224bPIL1 aPillai, K V Paul aMosesb a Man of God Who Brought Forth His People. aBombaybGospel Literature Servicec1983 a344p aincludes index and biblioraphy2 aFoot notes by Maulana Maulvi Ilahi Bakhsh. aBible-Prophets1 aPillai, K V Paul